000 00661 a2200217 4500
003 Nust
005 20170207154012.0
010 _a 98033848
020 _a0890064814 (alk. paper)
040 _cNust
082 0 0 _a621.381/32363
100 1 _aCamargo, Edmar.
245 1 0 _aDesign of FET frequency multipliers and harmonic oscillators-(E-BOOK)
_cEdmar Camargo.
260 _aBoston :
_bArtech House,
_cc1998.
300 _axiii, 215 p. :
_bill. ;
_c24 cm.
440 0 _aArtech House microwave library
650 0 _aField-effect transistors.
650 0 _aFrequency multipliers.
650 0 _aMillimeter wave devices.
650 0 _aTelecommunication engineering.
942 _2ddc
_cBK
999 _c191265
_d191265